| 000 | 01175cam a2200301 a 4500 | ||
|---|---|---|---|
| 090 | _c0 | ||
| 001 | 711150 | ||
| 005 | 19981118161711.9 | ||
| 008 | 971119s1998 ctuab b 001 0 eng | ||
| 010 | _a 97046648 | ||
| 020 | _a1567201563 (alk. paper) | ||
| 040 |
_aDLC _cDLC _dDLC |
||
| 050 | 0 | 0 |
_aHD31 _b.S3377 1998 |
| 082 | 0 | 0 |
_a658 _221 _bSCH |
| 100 | 1 | _aSchniederjans, Marc J. | |
| 245 | 1 | 0 |
_aOperations management in a global context / _cMarc J. Schniederjans. |
| 260 |
_aWestport, Conn. : _bQuorum Books, _cc1998. |
||
| 300 |
_axiv, 188 p. : _bill., map ; _c25 cm. |
||
| 504 | _aIncludes bibliographical references and index. | ||
| 650 | 0 | _aIndustrial management. | |
| 650 | 0 | _aInternational trade. | |
| 650 | 0 | _aCompetition, International. | |
| 650 | 0 |
_aInternational business enterprises _xManagement. |
|
| 856 | 7 |
_3Table of contents _uhttp://lcweb.loc.gov/catdir/toc/97-46648.html _2http |
|
| 942 |
_2ddc _cBB |
||
| 999 |
_c10411 _d10411 |
||